000 00231nam a2200085Ia 4500
008 240331s9999 xx 000 0 und d
100 _aWijesinha, R. ed
245 3 _aAn anthology of contemporary Sri Lankan poetry in english
942 _cL
999 _c3340
_d3340